000 00344nam a2200121Ia 4500
008 190216s9999||||xx |||||||||||||| ||und||
100 _a"Rao C N R,Narasimhan ,george M V&Amp;Mahanty"
245 0 _aHandbook Of Chemistry And Physics
260 _bAffiliated East West Press
_c1976
300 _a447p
650 _aChemistry-Chemistry
942 _cBK
999 _c2275
_d2275